000 00777nam a2200277Ia 4500
003 OSt
005 20220918174840.0
006 a|||||r|||| 00| 0
007 ta
008 220917b |||||||| |||| 00| 0 eng d
024 _a14,421
037 _cTextual
040 _aARTS
_cARTS
_beng
041 _2eng
_aeng
082 _aNT57,Lv, L5
100 _aMarker Frederick J.
_951989
245 0 _aScandinavian theatre
_b A short history
260 _aOxford
_bBasil Blackwell
_c1975
300 _axiii,303p.
_ccm.
490 _aDrama and theatre studies
500 _aBibliography 281-89p
650 _aARTS
700 _a Marker Liselone
_951990
942 _hNT57,Lv, L5
_cTEXL
_2CC
999 _c154969
_d154969